| 000 | 01050nam a2200349 c 4500 | ||
|---|---|---|---|
| 001 | 14664 | ||
| 003 | ES-MaCES | ||
| 005 | 20141221122325.0 | ||
| 008 | 030228s2002 sp t 000 | spa d | ||
| 017 |
_aVA 744-2002 _bDL |
||
| 020 | _a8484064212 | ||
| 035 | _aCES20030001999m | ||
| 040 |
_aES-MaCES _bspa _cES-MaCES |
||
| 100 | 1 |
_aVivero Serrano, Juan Bautista _926026 |
|
| 245 | 1 | 3 |
_aLa huelga en los servicios esenciales _cJuan Bautista Vivero Serrano |
| 250 | _a1ª ed | ||
| 260 |
_avalladolid _bLex Nova _c2002 |
||
| 300 |
_a404 p. _c24 cm |
||
| 504 | _aBibliografía: p. 375-404 | ||
| 541 | _cCompra | ||
| 650 | 4 |
_ahuelga _928376 |
|
| 650 | 4 |
_aderecho de huelga _929350 |
|
| 650 | 4 |
_aservicio esencial _929507 |
|
| 650 | 4 |
_aservicio mínimo _930413 |
|
| 650 | 4 |
_aderecho del trabajo _927165 |
|
| 650 | 4 |
_aderecho administrativo _927155 |
|
| 650 | 4 |
_aEspaña _926964 |
|
| 653 | 1 | 0 | _aDerecho del trabajo y Seguridad Social |
| 902 | _aLIB Libro | ||
| 942 |
_2CES _cBK _h6.0.1. |
||
| 999 |
_c14664 _d14664 |
||